<?xml version="1.0" encoding="UTF-8"?>
<record
    xmlns:xsi="http://www.w3.org/2001/XMLSchema-instance"
    xsi:schemaLocation="http://www.loc.gov/MARC21/slim http://www.loc.gov/standards/marcxml/schema/MARC21slim.xsd"
    xmlns="http://www.loc.gov/MARC21/slim">

  <leader>04228nam a2200529Ia 4500</leader>
  <controlfield tag="001">dia_6356</controlfield>
  <controlfield tag="003">CHAP</controlfield>
  <controlfield tag="005">20240807114332.0</controlfield>
  <controlfield tag="007">ta</controlfield>
  <controlfield tag="008">220117s2016    mx ado frm    001 0 spa d</controlfield>
  <datafield tag="010" ind1=" " ind2=" ">
    <subfield code="a">177782</subfield>
  </datafield>
  <datafield tag="040" ind1=" " ind2=" ">
    <subfield code="c">CHAP</subfield>
    <subfield code="a">mxchpua</subfield>
  </datafield>
  <datafield tag="041" ind1="0" ind2=" ">
    <subfield code="a">spa</subfield>
    <subfield code="b">eng</subfield>
  </datafield>
  <datafield tag="090" ind1=" " ind2=" ">
    <subfield code="a">Tesis </subfield>
    <subfield code="b">C67 </subfield>
    <subfield code="c">2016</subfield>
  </datafield>
  <datafield tag="100" ind1="1" ind2=" ">
    <subfield code="a">C&#xF3;rdova Hern&#xE1;ndez, Rocio de la Aurora</subfield>
  </datafield>
  <datafield tag="245" ind1="1" ind2="0">
    <subfield code="a">Fermentaci&#xF3;n alcoh&#xF3;lica de cuatro variedades de vid (Vitis vin&#xED;fera L.) por Saccharomyces cerevisiae H., para la producci&#xF3;n de vino tinto, en una vin&#xED;cola del Valle Guadalupe, Ensenada, Baja California, M&#xE9;x. /</subfield>
    <subfield code="c">Rocio de la Aurora C&#xF3;rdova Hern&#xE1;ndez</subfield>
  </datafield>
  <datafield tag="264" ind1=" " ind2=" ">
    <subfield code="a">Chapingo, M&#xE9;xico :</subfield>
    <subfield code="b">El autor,</subfield>
    <subfield code="c">2016</subfield>
  </datafield>
  <datafield tag="300" ind1=" " ind2=" ">
    <subfield code="a">xii, 113 hojas :</subfield>
    <subfield code="b">ilustraciones, gr&#xE1;ficas, diagramas, tablas, fotos +</subfield>
    <subfield code="e">1 CD-ROM</subfield>
  </datafield>
  <datafield tag="336" ind1=" " ind2=" ">
    <subfield code="2">rdacontent</subfield>
    <subfield code="a">texto</subfield>
    <subfield code="b">txt</subfield>
  </datafield>
  <datafield tag="337" ind1=" " ind2=" ">
    <subfield code="2">rdamedia</subfield>
    <subfield code="a">no mediado</subfield>
    <subfield code="b">n</subfield>
  </datafield>
  <datafield tag="338" ind1=" " ind2=" ">
    <subfield code="2">rdacarrier</subfield>
    <subfield code="a">volumen</subfield>
    <subfield code="b">nc</subfield>
  </datafield>
  <datafield tag="500" ind1=" " ind2=" ">
    <subfield code="a">El CD contiene reporte</subfield>
  </datafield>
  <datafield tag="502" ind1=" " ind2=" ">
    <subfield code="a">Tesis </subfield>
    <subfield code="b">(Ingeniero Agroindustrial) -- </subfield>
    <subfield code="c">UACh. Departamento de Ingenier&#xED;a Agroindustrial,</subfield>
    <subfield code="d"> 2016</subfield>
  </datafield>
  <datafield tag="504" ind1=" " ind2=" ">
    <subfield code="a">Bibliograf&#xED;a: hojas 94-97</subfield>
  </datafield>
  <datafield tag="520" ind1="3" ind2=" ">
    <subfield code="a">La siguiente metodolog&#xED;a, se desarroll&#xF3; en la Vin&#xED;cola Torres Alegre y Familia, ubicada en Valle Guadalupe, Ensenada, Baja California. Bajo la supervisi&#xF3;n del Dr. V&#xED;ctor Manuel Torres Alegre, En&#xF3;logo de la boutique. Durante un periodo de aproximadamente seis meses, se llev&#xF3; a cabo una investigaci&#xF3;n sobre el comportamiento de la levadura Saccharomyces cerevisiae en cuatro varietales de vino tinto joven, mediante un an&#xE1;lisis de comparaci&#xF3;n de la cin&#xE9;tica de fermentaci&#xF3;n, utilizando de los siguientes par&#xE1;metros: Temperatura, densidad y &#xBA;Brix, valorando estos datos todo el trascurso de la fermentaci&#xF3;n alcoh&#xF3;lica. Se utilizaron m&#xE9;todos muy sencillos; para valorar la temperatura se registro directamente del tanque de fermentaci&#xF3;n, debido a que estaba integrado un term&#xF3;metro expresando la temperatura en &#xBA;C, para la densidad se utiliz&#xF3; un dens&#xED;metro y una probeta, y en el caso de &#xBA;Brix un refract&#xF3;metro. Al final de la fermentaci&#xF3;n alcoh&#xF3;lica, se realizaron cinco an&#xE1;lisis f&#xED;sico-qu&#xED;micos: determinaci&#xF3;n cualitativa de acido m&#xE1;lico (m&#xE9;todo cromatograf&#xED;a de papel), SO2 libre y total, determinaci&#xF3;n de % de alcohol, acidez total y pH (m&#xE9;todo potenciom&#xE9;trico). --</subfield>
  </datafield>
  <datafield tag="520" ind1="3" ind2=" ">
    <subfield code="a">The following methodology was developed in the vinous Torres Alegre y Familia, located in Guadalupe Valley, Ensenada, Baja California. Under the supervision of Dr. Victor Manuel Torres Alegre, Winemaker is the boutique. Over a period of about six months, it was carried out an investigation into the behavior of the yeast Saccharomyces cerevisiae in four varietals young red wine, evaluating this behavior through a comparison by fermentation kinetics using the following parameters: temperature, density and &#xBA;Brix, evaluating this data throughout the course of the alcoholic fermentation. Very simple methods were used; assessing the temperature was directly record the fermentation tank, because a thermometer was composed expressing the temperature in &#xB0;C, for a hydrometer density and a test piece was XII used, and in the case of a refractometer &#xBA;Brix. Qualitative determination of malic acid, free and total SO2, determination of % alcohol, total acidity and pH.</subfield>
  </datafield>
  <datafield tag="650" ind1="1" ind2="3">
    <subfield code="a">Alcoholic fermentation  </subfield>
    <subfield code="2">atg</subfield>
  </datafield>
  <datafield tag="650" ind1="1" ind2="3">
    <subfield code="a">Brewers yeast  </subfield>
    <subfield code="2">atg</subfield>
  </datafield>
  <datafield tag="650" ind1="1" ind2="3">
    <subfield code="a">Fermentaci&#xF3;n alcoh&#xF3;lica  </subfield>
    <subfield code="2">atg</subfield>
  </datafield>
  <datafield tag="650" ind1="1" ind2="3">
    <subfield code="a">Industria del vino</subfield>
    <subfield code="z">M&#xE9;xico</subfield>
    <subfield code="z">Baja California  </subfield>
    <subfield code="2">atg</subfield>
  </datafield>
  <datafield tag="650" ind1="1" ind2="3">
    <subfield code="a">Levadura cervecera  </subfield>
    <subfield code="2">atg</subfield>
  </datafield>
  <datafield tag="650" ind1="1" ind2="3">
    <subfield code="a">Levaduras del vino  </subfield>
    <subfield code="2">atg</subfield>
  </datafield>
  <datafield tag="650" ind1="1" ind2="3">
    <subfield code="a">Uvas de vino</subfield>
    <subfield code="x">Variedades  </subfield>
    <subfield code="2">atg</subfield>
  </datafield>
  <datafield tag="650" ind1="1" ind2="3">
    <subfield code="a">Wine grapes</subfield>
    <subfield code="x">Varieties  </subfield>
    <subfield code="2">atg</subfield>
  </datafield>
  <datafield tag="650" ind1="1" ind2="3">
    <subfield code="a">Wine industry</subfield>
    <subfield code="z">Mexico</subfield>
    <subfield code="z">Baja California</subfield>
    <subfield code="2">atg</subfield>
  </datafield>
  <datafield tag="650" ind1="1" ind2="3">
    <subfield code="a">Wine yeasts  </subfield>
    <subfield code="2">atg</subfield>
  </datafield>
  <datafield tag="700" ind1="1" ind2=" ">
    <subfield code="a">Leyva Ruelas, Gabriel</subfield>
    <subfield code="e">director</subfield>
  </datafield>
  <datafield tag="700" ind1="1" ind2=" ">
    <subfield code="a">Mart&#xED;nez Romero, Salvador</subfield>
    <subfield code="e">asesor</subfield>
  </datafield>
  <datafield tag="700" ind1="1" ind2=" ">
    <subfield code="a">Rivera Salvador, V&#xED;ctor</subfield>
    <subfield code="e">asesor</subfield>
  </datafield>
  <datafield tag="856" ind1="4" ind2="1">
    <subfield code="u">http://10.13.5.2/tesis/sist112804.pdf</subfield>
    <subfield code="y">DESCARGAR PDF</subfield>
  </datafield>
  <datafield tag="901" ind1=" " ind2=" ">
    <subfield code="a">TESIS C67 2016</subfield>
  </datafield>
  <datafield tag="902" ind1=" " ind2=" ">
    <subfield code="a">M</subfield>
  </datafield>
  <datafield tag="905" ind1=" " ind2=" ">
    <subfield code="a">5232272016                          mx dnml8223123322spa16</subfield>
  </datafield>
  <datafield tag="942" ind1=" " ind2=" ">
    <subfield code="c">TESIS</subfield>
    <subfield code="2">Clasificaci&#xF3;n Universidad Aut&#xF3;noma Chapingo</subfield>
  </datafield>
  <datafield tag="999" ind1=" " ind2=" ">
    <subfield code="c">177782</subfield>
    <subfield code="d">177782</subfield>
  </datafield>
  <datafield tag="952" ind1=" " ind2=" ">
    <subfield code="0">0</subfield>
    <subfield code="1">0</subfield>
    <subfield code="2">ddc</subfield>
    <subfield code="4">0</subfield>
    <subfield code="5">1</subfield>
    <subfield code="7">0</subfield>
    <subfield code="8">TESIS</subfield>
    <subfield code="a">IA_</subfield>
    <subfield code="b">IA_</subfield>
    <subfield code="d">2022-01-18</subfield>
    <subfield code="e">El autor</subfield>
    <subfield code="l">0</subfield>
    <subfield code="o">Tesis C67 2016</subfield>
    <subfield code="p">1101003660</subfield>
    <subfield code="r">2022-01-18 00:00:00</subfield>
    <subfield code="t">Ej. 2</subfield>
    <subfield code="w">2022-01-18</subfield>
    <subfield code="y">CD</subfield>
  </datafield>
  <datafield tag="952" ind1=" " ind2=" ">
    <subfield code="0">0</subfield>
    <subfield code="1">0</subfield>
    <subfield code="2">local</subfield>
    <subfield code="4">0</subfield>
    <subfield code="5">1</subfield>
    <subfield code="7">0</subfield>
    <subfield code="8">TESIS</subfield>
    <subfield code="a">IA_</subfield>
    <subfield code="b">IA_</subfield>
    <subfield code="d">2022-01-18</subfield>
    <subfield code="e">El autor</subfield>
    <subfield code="l">0</subfield>
    <subfield code="o">Tesis C67 2016</subfield>
    <subfield code="p">1101003659</subfield>
    <subfield code="r">2026-02-02 00:00:00</subfield>
    <subfield code="t">Ej. 1</subfield>
    <subfield code="w">2022-01-18</subfield>
    <subfield code="y">TESIS</subfield>
  </datafield>
  <datafield tag="952" ind1=" " ind2=" ">
    <subfield code="0">0</subfield>
    <subfield code="1">0</subfield>
    <subfield code="2">local</subfield>
    <subfield code="4">0</subfield>
    <subfield code="7">0</subfield>
    <subfield code="8">TesDigL</subfield>
    <subfield code="a">IA_</subfield>
    <subfield code="b">IA_</subfield>
    <subfield code="c">E_L</subfield>
    <subfield code="d">2024-08-07</subfield>
    <subfield code="e">El autor</subfield>
    <subfield code="l">0</subfield>
    <subfield code="p">1201003659</subfield>
    <subfield code="r">2024-08-07 12:45:42</subfield>
    <subfield code="w">2024-08-07</subfield>
    <subfield code="y">TD</subfield>
  </datafield>
</record>
